| 000 | 00644nam a2200205 i 4500 | ||
|---|---|---|---|
| 001 | 82513 | ||
| 003 | ES-MaACL | ||
| 005 | 20230906174702.0 | ||
| 007 | t| | ||
| 008 | 041110s1913 fr ||||1| fre d | ||
| 100 | 1 |
_aIbn Askar, Muhammad b. Ali. _965005 |
|
| 245 | 1 | 3 |
_aLa Daouhat an-Nachir de Ibn Askar sur les vertus éminentes des chaiks du Maghreb au Xe siècle / _ctraduction de A. Graulle. |
| 260 |
_aParis : _bE. Leroux, _c1913. |
||
| 300 | _a342 p. | ||
| 490 | 1 |
_aArchives Marocaines ; _v19 |
|
| 700 | 1 |
_aGraulle, A. _959764 |
|
| 830 | 0 |
_aArchives Marocaines ; _v19 _9231595 |
|
| 852 |
_aES-MaACL _j199-A |
||
| 999 |
_c82513 _d82513 |
||